Hymns for the amusement of children.

Bibliographic Details
Main Author: Smart, Christopher, 1722-1771
Format: Microform Book
Language:English
Series:Opie collection of children's literature ; 009:017.
Subjects:

MARC

Tag First Indicator Second Indicator Subfields
LEADER 00000cam a2200000Ia 4500
001 in00002564021
005 20151201153919.0
007 he amv---bacp
007 hd bfv---baap
008 950512s1771 enka jb 000 0 eng d
035 |a (OCoLC)ocm32462445 
037 |a CL0021000009  |b ProQuest Information and Learning 300 N. Zeeb Rd., Ann Arbor, MI 48106 
040 |a OPP  |c OPP  |d UtOrBLW 
049 |a OPPA 
090 |a PZ5  |b .O67 1990 no.009:017. 
100 1 |a Smart, Christopher,  |d 1722-1771. 
245 1 0 |a Hymns for the amusement of children. 
264 3 |a London :  |b Printed for T. Carnan ...,  |c MDCCLXXI [i.e. 1771] 
300 |a 6 unnumbered pages, iii, 83 pages, 1 unnumbered page :  |b illustrations 
336 |a text  |b txt  |2 rdacontent 
337 |a microform  |b h  |2 rdamedia 
338 |a microfiche  |b he  |2 rdacarrier 
500 |a "Embellished with cuts." 
500 |a Later eds. have author's name. 
500 |a Publisher's advertisements on [1] pages at end. 
501 |a With: Fables in verse for the improvement of young and old / by Abraham Aesop. London : Printed for the booksellers of all nations, and sold at the Bible and Sun, MDCCLXXII [i.e. 1772] -- A Poetical description of beasts. London : Printed for T. Carnan, at number 65 in St. Paul's Church Yard, MDCCLXXIII [i.e. 1773] 
500 |a Reproduction of original in the Bodleian Library. 
510 4 |a Opie  |c C 30/3 
533 |a Microfiche.  |b Ann Arbor, Mich.  |c University Microfilms International,  |d 1993.  |e 4 microfiche.  |f (Opie collection of children's literature ; 009:017).  |7 s1993 miun b 
500 |a Microform. 
650 0 |a Children's songs. 
650 0 |a Hymns. 
830 0 |a Opie collection of children's literature ;  |v 009:017. 
999 |a MARS 
999 f f |s a0dde6a7-911b-3c4b-a9e6-a51cdf2b58d2  |i 3cebaccd-ca37-38ce-97e4-35ca85615b40  |t 0 
952 f f |a Texas A&M University  |b College Station  |c Sterling C. Evans Library  |d Evans: Microforms Fiche (3rd floor)  |t 0  |e PZ5 .O67 1990 no.009:017.  |h Library of Congress classification 
998 f f |a PZ5 .O67 1990 no.009:017.  |t 0  |l Evans: Microforms Fiche (3rd floor)